Asian mobile communication research: current status, enduring issues and future trends (Record no. 316180)
[ view plain ]
| 000 -LEADER | |
|---|---|
| fixed length control field | 00485nam a2200157Ia 4500 |
| 008 - FIXED-LENGTH DATA ELEMENTS--GENERAL INFORMATION | |
| fixed length control field | 170224s9999 xx 000 0 und d |
| 100 ## - MAIN ENTRY--PERSONAL NAME | |
| Personal name | Yue Zheng |
| 245 ## - TITLE STATEMENT | |
| Title | Asian mobile communication research: current status, enduring issues and future trends |
| 245 ## - TITLE STATEMENT | |
| Statement of responsibility, etc | Yue Zheng, Ran Wei & Elmie Nekmat |
| 260 ## - PUBLICATION, DISTRIBUTION, ETC. (IMPRINT) | |
| Name of publisher, distributor, etc | Asian Journal of Communication |
| 260 ## - PUBLICATION, DISTRIBUTION, ETC. (IMPRINT) | |
| Date of publication, distribution, etc | 2016 |
| 300 ## - PHYSICAL DESCRIPTION | |
| Extent | 26:6, Pages: 532-547 |
| 500 ## - GENERAL NOTE | |
| General note | 2016 |
| 650 ## - SUBJECT ADDED ENTRY--TOPICAL TERM | |
| General subdivision | Communication Arts |
| 650 ## - SUBJECT ADDED ENTRY--TOPICAL TERM | |
| General subdivision | Multimedia Arts |
| Withdrawn status | Lost status | Damaged status | Home library | Current library | Date acquired | Total Checkouts | Date last seen | Price effective from | Koha item type |
|---|---|---|---|---|---|---|---|---|---|
| College Library | College Library | 02/24/2017 | 02/24/2017 | 02/24/2017 | Periodicals |